Statistics for Places with the Most Nigerians

Click here to take the quiz!

General Stats

  • This quiz has been taken 633 times
  • The average score is 8 of 12

Answer Stats

PopulationCountry% Correct
800,000United Kingdom
95%
266,000United States
95%
177,155,754Nigeria
92%
1,000,000Ghana
72%
40,000Germany
70%
24,000South Africa
67%
4,000,000Cameroon
64%
6,000,000Benin
63%
53,613Italy
62%
44,870Spain
62%
200,000Togo
58%
75,000Cote D'Ivoire
46%

Score Distribution

Percentile by Number Answered

Percent of People with Each Score

Your Score History

You have not taken this quiz